Recopilación de leyes y reglamentos. Con índices numérico, por Ministerios, Temático, y de Notas

Uloženo v:
Podrobná bibliografie
Korporativní autor: Contraloría General de la República (Autor)
Médium: Kniha
Jazyk:španělština
Vydáno: Santiago Contraloría General de la República 2001
Témata:
Tagy: Přidat tag
Žádné tagy, Buďte první, kdo vytvoří štítek k tomuto záznamu!

MARC

LEADER 00000nam a2200000 a 4500
001 UCH0249
003 CL-VaPUC
008 090123e20010000CL |||||||||||||||||spa|d
082 0 4 |a 348.022  |b CON  |2 21 
110 2 |a Contraloría General de la República  |e author  |9 534426 
245 1 0 |a Recopilación de leyes y reglamentos. Con índices numérico, por Ministerios, Temático, y de Notas 
300 |a t 
942 |c BK 
945 |d 20090123 00:00:00  |a cmena 
260 |a Santiago  |b Contraloría General de la República  |c 2001 
500 |a Comprende desde la ley 19.718, de 10 de marzo, a la ley 19.740, de 30 de junio de 2001, y reglamentos publicados en el mismo periodo 
500 |a Donación profesor Fernando Recio Olguín 
650 7 |a LEGISLACION  |2 CL-VaPUC  |9 534427 
650 0 |a Fuentes del derecho   |9 255162 
650 7 |a DECRETOS SUPREMOS  |2 CL-VaPUC  |9 396008 
650 7 |a DERECHO CHILENO  |2 CL-VaPUC  |9 534428 
583 |a last modification  |c 20130104 11:20:50  |k Rodrigo Vera 
999 |c 332587  |d 332585 
952 |0 0  |1 0  |4 0  |6 348_022000000000000_CON_2001  |7 0  |8 X  |9 420433  |a BIBHIS  |b BIBHIS  |d 2019-11-22  |h t.123  |i 2129426  |o 348.022 CON 2001  |p 2129426  |r 2024-01-30  |w 2019-11-22  |y BK_X  |k HIS 
952 |0 0  |1 0  |4 0  |6 348_022000000000000_CON_2001  |7 0  |8 F  |9 420434  |a BIBDER  |b BIBDER  |d 2019-11-22  |h v.123  |i 3858332  |o 348.022 CON 2001  |p 3858332  |r 2023-01-25  |w 2019-11-22  |y BK_F  |k DER